000 00471pab a2200145 454500
008 180718b2006 xxu||||| |||| 00| 0 eng d
100 _aConian, Tim
245 _aFrom cooperative to opportunistic federalism: reflections on the half-century anniversary of the commission on intergovenmental relations
260 _c2006
300 _ap.663-76.
362 _aSep-Oct
650 _aIntergovernmental relations
773 _aPublic Administration Review
909 _a72081
999 _c72081
_d72081